FUNDAMENTALS OF ELECTROMAGNETIC THEORY (Record no. 10090)

MARC details
000 -LEADER
fixed length control field 00334nam a22001457a 4500
003 - CONTROL NUMBER IDENTIFIER
control field SGT
082 ## - DEWEY DECIMAL CLASSIFICATION NUMBER
Classification number DAS 530
100 ## - MAIN ENTRY--PERSONAL NAME
Personal name DASH,SARAJ K
245 ## - TITLE STATEMENT
Title FUNDAMENTALS OF ELECTROMAGNETIC THEORY
250 ## - EDITION STATEMENT
Edition statement 1ST
260 ## - PUBLICATION, DISTRIBUTION, ETC. (IMPRINT)
Place of publication, distribution, etc NEW DELHI
Name of publisher, distributor, etc PHI
Year of Publication 2011
300 ## - PAGE DESCRIPTION
No. of Pages 903
650 ## - SUBJECT ADDED ENTRY--TOPICAL TERM
Topical term or geographic name as entry element PHYSICS, ELECTROMAGNETIC THEORY
942 ## - ADDED ENTRY ELEMENTS (KOHA)
Source of classification or shelving scheme Dewey Decimal Classification
Koha item type FPS Books
942 ## - ADDED ENTRY ELEMENTS (KOHA)
-- 1
Holdings
Withdrawn status Lost status Source of classification or shelving scheme Damaged status Not for loan Collection code Home library Current library Shelving location Date acquired Vendor Name Cost, normal purchase price SGTU Bill Number Total Checkouts Full call number Accession No. (Barcode) Date last seen Date last borrowed Bill Date Koha item type
    Dewey Decimal Classification     SCIENCE SGT Science & Social Sciences Library SGT Science & Social Sciences Library Text Book 03/12/2016 UNIVERSAL BOOK STALL 525.00 SGTU 377 7 DAS 530 PS3071 22/04/2019 08/04/2019 20/10/2016 FPS Books
    Dewey Decimal Classification     SCIENCE SGT Science & Social Sciences Library SGT Science & Social Sciences Library Text Book 03/12/2016 UNIVERSAL BOOK STALL 525.00 SGTU 377 2 DAS 530 PS3072 06/05/2024 17/05/2022 20/10/2016 FPS Books
    Dewey Decimal Classification     SCIENCE SGT Science & Social Sciences Library SGT Science & Social Sciences Library Text Book 03/12/2016 UNIVERSAL BOOK STALL 525.00 SGTU 377 1 DAS 530 PS3073 23/03/2017 08/03/2017 20/10/2016 FPS Books